Guide to company directors : (Record no. 104721)

MARC details
000 -LEADER
fixed length control field 00751nam a22002057a 4500
005 - DATE AND TIME OF LATEST TRANSACTION
control field 20161123121608.0
010 ## - LCCN (DPL NO)
LC control number ENG-116617
020 ## - INTERNATIONAL STANDARD BOOK NUMBER
International Standard Book Number 9789351436706
Terms of availability 1995.00
035 ## - SYSTEM CONTROL NUMBER
System control number EN-100149
037 ## - SOURCE OF ACQUISITION
Source of stock number/acquisition DBAD/PUB
082 ## - DEWEY DECIMAL CLASSIFICATION NUMBER
Classification number 346.54066
100 ## - MAIN ENTRY--PERSONAL NAME
Personal name Iyer L.V.V.
245 ## - TITLE STATEMENT
Title Guide to company directors :
Remainder of title power, rights, duties, liabilities, corporate social responsibilities and company precedents a treatise under companies act 2013 & 1956 /
Statement of responsibility, etc by L.V.V. Iyer
250 ## - EDITION STATEMENT
Edition statement 4th ed.
260 ## - PUBLICATION, DISTRIBUTION, ETC. (IMPRINT)
Place of publication, distribution, etc Gurgaon
Name of publisher, distributor, etc LexisNexis
Date of publication, distribution, etc 2016
270 ## - ADDRESS
Address 14th Floor, Building No.10, Tower-B, DLF Cyber City, Phase-II
City Gurgaon
Postal code 122002
300 ## - PHYSICAL DESCRIPTION
Extent cIix,1286p.
Dimensions 22cm(pbk)
500 ## - GENERAL NOTE
General note Includes index
942 ## - ADDED ENTRY ELEMENTS (KOHA)
Source of classification or shelving scheme Dewey Decimal Classification
Item type English Books
Call number suffix IYE
Classification part 346.54066
Holdings
Withdrawn status Lost status Not for loan Collection code Home library Current library Date acquired Source of acquisition Cost, normal purchase price Full call number Barcode Copy number Cost, replacement price Koha item type
    Not For Loan Non-fiction D.B.Act.Division Bawana 23/11/2016 DBAD/PUB 1995.00 346.54066 IYE EN-100149 1 1995.00 English Books

© Delhi Public Library
Hit Counter
free hit counter